| 000 | 00453nam a22001577a 4500 | ||
|---|---|---|---|
| 999 |
_c525241 _d525241 |
||
| 003 | NUST | ||
| 038 | _aMr.Zahoor | ||
| 082 | _a621.3 | ||
| 100 |
_aAli, Musayyab _915985 |
||
| 245 |
_aSAMPLE DATA ROBUST CONTROL OF A MECHANICAL SYSTEM WITH BACKLASH / _cMusayyab Ali |
||
| 260 |
_aIslamabad : _bCEME - NUST, _c2014. |
||
| 300 |
_axiii, 60 p. : ill. ; _c30cm. |
||
| 500 | _aHardcover. | ||
| 600 | _2Electrical Engineering - MS Thesis. | ||
| 942 |
_2ddc _cTHE |
||